000 00625nam a2200205 a 4500
001 65180
003 BD-RjUL
005 20211209081408.0
008 190625s1955 pk a 00010 eng d
035 _a(BD-RjUL)65310
040 _aBD-RjUL
_beng
_dBD-RjUL
_cBD-RjUL
041 _aeng
082 _223
_a333.31549
_bRAA 1955
100 1 _aRashdi, Pir Ali Muhammad
_9232031
245 1 4 _aAbolition of Jagirdari:
_ban explanation /
_cby Pir Ali Muhammad Rashdi,
260 _aKarachi:
_bGovt. Printing and Stationary,
_c[1955]
300 _a15 p. :
_bIll ;
_c24 cm.
650 _aLand reform
_zPakistan
_9232032
942 _2ddc
_cRAR
999 _c65180
_d65180